| 000 | 00965nmm a2200349 a 4500 | ||
|---|---|---|---|
| 003 | AR-BaBNM | ||
| 005 | 20251128203729.0 | ||
| 008 | 207019s1959 ||||||||||||||000 | spa|| | ||
| 040 | _cAR-BaBNM | ||
| 100 | 1 | _aD'Amico, Silvio | |
| 245 | 1 | 0 |
_aHistoria del teatro universal _n2. 3ª parte |
| 260 |
_aBuenos Aires _bEditorial Losada _c1959 |
||
| 300 | 0 |
_a565 p. _bláms., il. |
|
| 500 | 0 | _aContiene referencias bibliográficas en p. 529 | |
| 500 | 0 | _aIndices de láminas e ilustraciones en p. 555 | |
| 650 | 4 | _aROMANTICISMO | |
| 650 | 4 | _aHISTORIA DEL ARTE | |
| 650 | 4 | _aRENACIMIENTO | |
| 650 | 4 | _aESTILOS ARTISTICOS | |
| 650 | 4 | _aARTE EUROPEO | |
| 650 | 4 | _aARTE POPULAR | |
| 650 | 4 | _aTEATRO | |
| 650 | 4 | _aARTES ESCENICAS | |
| 650 | 4 | _aVIDA TEATRAL | |
| 650 | 4 | _aEDIFICIOS DE TEATRO | |
| 650 | 4 | _aCRITICA LITERARIA | |
| 653 | 0 | _aCRITICA TEATRAL | |
| 653 | 0 | _aBARROCO | |
| 700 | 1 |
_aWilcock, J.R. _etraductor |
|
| 942 | _cBK | ||
| 998 | _cMARTIN | ||
| 999 |
_c4686 _d4686 |
||